000 00529cam a2200145 4500500
005 20251012032457.0
041 _afre
042 _adc
100 1 0 _aLévi, Florence
_eauthor
245 0 0 _aÉdith et François-Bernard Huyghe, Histoire des secrets. De la guerre du feu à l’Internet, Hazan, 2000 (bibliogr. ; illustr.)
260 _c2001.
500 _a72
786 0 _nSigila | 7 | 1 | 2001-06-20 | p. 188-188 | 1286-1715
856 4 1 _uhttps://shs.cairn.info/revue-sigila-2001-1-page-188?lang=fr&redirect-ssocas=7080
999 _c1547405
_d1547405